书目信息 |
| 题名: |
误差理论常见问题与解答
|
|
| 作者: | 萧明耀 著 | |
| 分册: | ||
| 出版信息: | 北京 计量出版社 1980 |
|
| 页数: | 82页 | |
| 开本: | 19cm | |
| 丛书名: | ||
| 单 册: | ||
| 中图分类: | TH701 | |
| 科图分类: | ||
| 主题词: | 误差理论--问题--解题 , 仪器 , 仪表 , 仪表装置 | |
| 电子资源: | ||
| ISBN: | ||
| 000 | 00709nam0 2200277 45 960 | |
| 001 | 0633107916 | |
| 002 | 0195038021 | |
| 005 | 20060728091233.79 | |
| 010 | @dCNY0.47 | |
| 091 | @a15210.2 | |
| 100 | @a19950517d1980 k y0chiy0121 ea | |
| 101 | 0 | @achi |
| 102 | @aCN@b110000 | |
| 105 | @ay z 000yy | |
| 106 | @ar | |
| 200 | 10 | @a误差理论常见问题与解答@f萧明耀著@Awu cha li lun chang jian wen ti yu jie da |
| 210 | @a北京@c计量出版社@d1980 | |
| 215 | @a82页@d19cm | |
| 606 | @a误差理论@x问题@x解题 | |
| 606 | 0 | @a仪器 |
| 606 | 0 | @a仪表 |
| 606 | 0 | @a仪表装置 |
| 690 | @aTH701@v3 | |
| 701 | 0 | @a萧明耀@4著@Axiao ming yao |
| 801 | 0 | @aCN@b上海图书馆 @c20060728 |
| 905 | @a10447@dTH701@e35 | |
| 误差理论常见问题与解答/萧明耀著.-北京:计量出版社,1980 |
| 82页;19cm |
| ISBN :CNY0.47 |
| ● |
| 相关链接 |
|
|
|
|
正题名:误差理论常见问题与解答
索取号:TH701/35
 
预约/预借
| 序号 | 登录号 | 条形码 | 馆藏地/架位号 | 状态 | 备注 |
| 1 | 0438947 | 204389474 | 密集书库/ [索取号:TH701/35] | 在馆 |